Catálogo de la exposición Velázquez y la Escuela sevillana III Centenario de su muerte (1660-1960). (Record no. 61465)

MARC details
000 -LEADER
campo de control de longitud fija 00686nam a2200181 i 4500
001 - NÚMERO DE CONTROL
campo de control 61465
003 - IDENTIFICADOR DE NÚMERO DE CONTROL
campo de control ES-MaACL
005 - FECHA Y HORA DE LA ÚLTIMA TRANSACCIÓN
campo de control 20251221172518.0
007 - CAMPO FIJO DE DESCRIPCIÓN FÍSICA--INFORMACIÓN GENERAL
campo de control de longitud fija t|
008 - DATOS DE LONGITUD FIJA--INFORMACIÓN GENERAL
campo de control de longitud fija 031112s1960 sp ||||1| spa d
111 0# - ENTRADA PRINCIPAL--NOMBRE DE CONGRESO/REUNIÓN
Nombre de congreso/reunión o jurisdicción como elemento de entrada Exposición Velázquez y la Escuela Sevillana
Fecha del congreso o de la firma del tratado (1960.
Sede del congreso/Lugar de la reunión Sevilla)
9 (RLIN) 714
245 10 - MENCIÓN DEL TÍTULO
Título Catálogo de la exposición Velázquez y la Escuela sevillana III Centenario de su muerte (1660-1960).
260 ## - PUBLICACIÓN, DISTRIBUCIÓN, ETC.
Lugar de publicación, distribución, etc. Sevilla :
Nombre del editor, distribuidor, etc. Academia de Bellas Artes de Santa Isabel de Hungría,
Fecha de publicación, distribución, etc. 1960.
300 ## - DESCRIPCIÓN FÍSICA
Extensión 30 p., 9 lám. ;
Dimensiones 24 cm.
710 2# - ENTRADA AGREGADA--NOMBRE DE ENTIDAD CORPORATIVA
Nombre de entidad corporativa o nombre de jurisdicción como elemento de entrada Real Academia de Bellas Artes de Santa Isabel de Hungría.
9 (RLIN) 6295
852 ## - LOCALIZACIÓN
Ubicación ES-MaACL
Número de control de estantería 2039-F-14
Sublocalización o colección R.46779
Holdings
Estatus retirado Estado de pérdida Estado de daño No para préstamo Colección Biblioteca de origen Biblioteca actual Ubicación en estantería Fecha de adquisición Fuente de adquisición Total de préstamos Signatura topográfica completa Código de barras Visto por última vez Precio de reemplazo Tipo de ítem Koha
        Colección de folletos Biblioteca del Ateneo de Madrid Biblioteca del Ateneo de Madrid Depósito folletos 17/01/2008     2039-F-14 1064450 23/02/2023 23/02/2023 Folleto